000 00988nam a2200265 i 4500
001 182612
003 ES-MaACL
005 20251015185549.0
008 131003s2012 sp a | |||||||| |dspa d
020 _a978-84-92937-40-0
080 _a72.036(4)
245 0 0 _aAtlas, arquitecturas del siglo XXI.
_pEuropa /
_cLuis Fernández-Galiano (ed.) ; [traducciones, María Cifuentes, Laura Fernández, Eduardo Prieto, Lys Villalba].
250 _a1ª ed.
260 _aBilbao :
_bFundación BBVA,
_c2012.
300 _a317 p. :
_bprincipalmente il. col. y n., planos ;
_c30 cm.
650 7 _aArquitectura europea
_2
_9153526
700 1 _aFernández Galiano, Luis A.
_949800
700 1 _aCifuentes, María
_9153524
700 1 _aPrieto, Eduardo J.,
_d1916-
_993878
700 1 _aVillalba, Lys.
_9153525
700 0 _aFernández, Laura.
_949396
852 _aES-MaACL
_jA-12860
_9189528
_bR.149096
_cDEPO1
_dOlim: N-5860
942 _2udc
_cMONOGRAFIA
999 _c182612
_d182612